000 00206nam a2200085Ia 4500
008 170620s9999 xx 000 0 und d
100 _aBare- Act
245 0 _aIndian Partnership Act-1932
260 _bUniversal Law Pub.
260 _c2015
999 _c29787
_d29787